Score 0/16 Timer 05:00
0 Plays Today
% Correct
Pizza
96.2%
Mac n Cheese
95.2%
Tiramisu
93%
Quesadilla
92.1%
Cannoli
91.6%
Fondue
88.4%
Chile con Queso
87.9%
Caprese
84.1%
% Correct
Poutine
80.5%
Spanakopita
80.3%
Sag Paneer
74.7%
Croquetas de Jamon
73.4%
Croque Monsieur
69.4%
Welsh Rarebit
62.8%
Aligot
62.6%
Pão de queijo
54.2%
Remove Ads.
Support Sporcle.
Get the best of Sporcle when you Go Orange. This ad-free experience offers more features, more stats, and more fun while also helping to support Sporcle. Thank you for becoming a member.

You're not logged in!

Compare scores with friends on all Sporcle quizzes.
OR
Log In

Show Comments

Extras

Top Quizzes Today


Score Distribution

Your Account Isn't Verified!

In order to create a playlist on Sporcle, you need to verify the email address you used during registration. Go to your Sporcle Settings to finish the process.

Report this User

Report this user for behavior that violates our Community Guidelines.

Details: